00393 2200157 4500245003900000020002200039250001100061100002500072700003000097650001600127005001900143260003700162041001400199084000900213300001300222 aNuragacAisha Adzra AffiantohText a978-623-126-253-0 aCet. 1 aAisha Adzra Affianto aFadhila Zahra Laksanadewi aNovel Fiksi a20240909135601 aYogyakartabPenerbit Hikamc2024 aIndonesia aNONE a64 hlm :